000 00732 a2200265 4500
260 _aCotonou
100 _aAGBANDE, M. Elvire M.
700 _aAHOSSIKPE, A. Maryse C.
260 _bENEAM
300 _b33 p
245 _aAnalyse de la seconde campagne de précommercialisarion des logement de standing de la société de promotion et de gestion immobilières (PRIMMO SA)
650 _aGESTION COMMERCIALE
650 _aMARKETING
650 _aACTION COMMERCIALE
650 _aCAMPAGNE DE PRECOMMERCIALISATION
650 _aLOGEMENTS DE STANDING
650 _aGESTION IMMOBILIERES
650 _aPRIMMO SA
260 _c2007
130 _lFr
500 _a1 ex
040 _aENEAM
999 _c9829
_d9829